Episodi di Cars on the road - Sudden death - Statistics

Statistiche generali
  • Questo quiz è stato fatto 68 volte
  • Il punteggio medio è 2 su 9
Answers on the Grid
Answers color-coded by a green-red scale on the quiz's grid according to % correct below.
Cars Thriller
Saetta guest star
Razz'attrezzi
Il cono del tuono
Dino Park
Cose camionose
Il matrimonio
Nozze a sorpresa
Circo da strapazzo
Dinocars
Il tuono del cono
Miti e leggende
Non aprite quella portiera
L'abominevole auto delle nevi
Saetta McHollywood
Cose da camion
Viva il circo!
Cricchetto ninja-carro nervosetto
 
Statistiche sulle risposte
Risposta % Corretto
Razz'attrezzi
52%
Dino Park
48%
Saetta guest star
31%
Nozze a sorpresa
17%
Cose da camion
14%
Viva il circo!
14%
Non aprite quella portiera
10%
Miti e leggende
7%
Il tuono del cono
3%
Nessun quiz corrispondente trovato
Distribuzione punteggi
Percentuale di utenti per punteggio
Percentile per numero di risposta
I tuoi punteggi nel tempo
Non hai fatto questo quiz